00919nac a22002657a 4500001001000000003000900010005001700019008003400036040005400070072000800124100001700132100002100149110007700170245014100247260003500388300001000423490010600433650001100539650001100550650001500561650001200576650002100588650002200609650002200631BR9800206BR-BrBNA20240105122003.0230509b bl.|||m| |||| 00| 0 por d aBR-BrBNAbporcBiblioteca Nacional de Agricultura aF011 aOsorio, V.A.1 aMigliorini, L.C.1 aCentro de Pesquisa Agropecuaria de Clima Temperado, Pelotas, RS (Brasil)1 aCoeficiente tecnicos para as culturas de batata, cebola, milho doce e pimenta, na regiao colonial de Pelotas e municipios circunvizinhos3 aPelotas, RS (Brasil): c1996.  a28 p. aCircular Tecnica - Centro de Pesquisa Agropecuaria de Clima Temperado (Brazil)vno. 1xISSN 1414-7297 aBatata aCebola aMilho Doce aPimenta aPratica Cultural aCusto de Producao aRio Grande do Sul